logo

Bir Sreshtho Munshi Abdur Rouf Library
Jhenaidah Cadet College

বাংলাদেশের রাজনীতি- অর্থনীতি / (Record no. 1106)

MARC details
000 -LEADER
fixed length control field 00780nam a2200229 a 4500
001 - CONTROL NUMBER
JCCL Control Number 1106
003 - CONTROL NUMBER IDENTIFIER
JCCL marc code BD-JhCC
005 - DATE AND TIME OF LATEST TRANSACTION
control field 20171015103600.0
008 - FIXED-LENGTH DATA ELEMENTS--GENERAL INFORMATION
fixed length control field 171015s1991 bg |||| |||| 000 0 ben d
020 ## - INTERNATIONAL STANDARD BOOK NUMBER
International Standard Book Number 9481200066
035 ## - SYSTEM CONTROL NUMBER
system control number (BD-JhCC)1106
040 ## - CATALOGING SOURCE
Original cataloging agency BD-JhCC
Modifying agency BD-JhCC
041 ## - LANGUAGE CODE
Language code of Book ben
082 ## - DEWEY DECIMAL CLASSIFICATION NUMBER
Classification number 307.72095492
Author mark and Year ZAH 1991
100 ## - MAIN ENTRY--PERSONAL NAME
Personal name জাহান, সেলিম
245 ## - TITLE STATEMENT
Title বাংলাদেশের রাজনীতি- অর্থনীতি /
Statement of responsibility, etc সেলিম জাহান
260 ## - PUBLICATION, DISTRIBUTION, ETC. (IMPRINT)
Place of publication, distribution, etc ঢাকা:
Name of publisher, distributor, etc জাতীয় সাহিত্য প্রকাশনী,
Date of publication, distribution, etc ১৯৯১.
300 ## - PHYSICAL DESCRIPTION
Pagination ১১৯ পৃ.:
Dimensions ২১ সেমি.
650 ## - SUBJECT ADDED ENTRY--TOPICAL TERM
Topical term or geographic name as entry element Rural development
General subdivision Economic policy
Geographic subdivision Bangladesh
942 ## - ADDED ENTRY ELEMENTS (KOHA)
Source of classification or shelving scheme Dewey Decimal Classification
Koha item type Books
Holdings
Source of classification or shelving scheme Damaged status Not for loan Home library Current library Shelving location Date of accession Source of acquisition Cost, normal purchase price Total Checkouts Full call number Barcode Date last seen Copy number Koha item type
Dewey Decimal Classification     JCC Rouf Library JCC Rouf Library General Stacks 10/15/2017 Zahedee Foundation 80.00   307.72095492 ZAH 1991 1707 10/15/2017 C-1 Books

JCC Library | Contacts | JCC Home

Last Update on 23 September 2017
Copyright @ 2017-2020 JCC Rouf Library
Rouf Library, Jhenidah Cadet College (JCC), Bangladesh